| 000 | 00567nam a2200169 i 4500 | ||
|---|---|---|---|
| 001 | 59891 | ||
| 003 | ES-MaACL | ||
| 005 | 20230906164121.0 | ||
| 007 | t| | ||
| 008 | 031031m19401950sp ||||1| spa d | ||
| 100 | 1 |
_aErauso, Catalina de. _947355 |
|
| 245 | 1 | 0 |
_aHistoria de la monja alférez _b: (Doña Catalina de Erauso Pérez de Galarraga) / _cescrita por ella misma con notas de Ferrer. |
| 260 |
_aZarauz : _bItxaropena, _c1940-1950. |
||
| 300 |
_a126 p., 3 lám. ; _c20 cm. |
||
| 700 | 1 |
_aFerrer, Joaquín María. _950423 |
|
| 852 |
_aES-MaACL _jC-19064 _bR.44913 |
||
| 999 |
_c59891 _d59891 |
||